|
|
|
|
| LEADER |
00779nab a2200205 i 4500 |
| 001 |
acta30091 |
| 005 |
20210422091231.0 |
| 008 |
161017s2010 hu o 0|| hun d |
| 022 |
|
|
|a 2062-1396
|
| 040 |
|
|
|a SZTE Egyetemi Kiadványok Repozitórium
|b hun
|
| 041 |
|
|
|a hun
|
| 100 |
1 |
|
|a Kincses Áron
|
| 245 |
1 |
2 |
|a A nemzetközi migráció kistérségi hozzáadott értéke
|h [elektronikus dokumentum] /
|c Kincses Áron
|
| 260 |
|
|
|c 2010
|
| 300 |
|
|
|a 153-164
|
| 490 |
0 |
|
|a A Virtuális Intézet Közép-Európa Kutatására közleményei
|v 2 No. 2-3
|
| 695 |
|
|
|a Társadalomtudomány
|
| 700 |
0 |
1 |
|a Rédei Mária
|e aut
|
| 710 |
|
|
|a Régiók a Kárpát-medencén innen és túl, 4., 2010, Kaposvár
|
| 856 |
4 |
0 |
|u http://acta.bibl.u-szeged.hu/30091/1/vikek_003_004_153-164.pdf
|z Dokumentum-elérés
|